000 00556nam a2200121Ia 4500
008 220620s9999||||xx |||||||||||||| ||und||
100 _aSava, Simona
245 0 _aNeeds Analysis and Programme Planning in Adult Education
546 _aEnglish[eng]
650 _aAdult Learning||Adult Education||Programme Planning||Continuing education||Didacticism||Marketing||Target audience
856 _uhttps://library.oapen.org/bitstream/20.500.12657/29456/1/9783847403562.pdf||https://library.oapen.org/bitstream/20.500.12657/29456/1/9783847403562.pdf
942 _cEB
999 _c21654
_d21654